000 01676nam a2200229Ia 4500
003 OSt
005 20260521111211.0
008 160316s2014 xxu||||| |||| 00| 0 eng d
020 _a9780195683790 (pbk.)
082 _a338.954 FRA
100 _aFrankel, Francine R.
245 _aIndia's political economy 1947- 2004 :
_bthe gradual revolution /
_cFrancine R. Frankel
250 _a2nd ed.
260 _aNew Delhi :
_bOxford University Press,
_c2005.
300 _axx, 819 p. ;
_c24 cm.
365 _bRS. 695.00
505 _a1. Introduction: The Paradox of Accommodative Politics and Radical Social Change; 2. Class Conciliation and Class Struggle: Competitive Patterns of Mass Mobilization in Indian Nationalism; 3. Growth and Democratic Social Transformation: Multiple Goals of Economic Planning; 4. The Contradiction of Rapid Industrialization and Gradual Agrarian Reform; 5. Failures of Implementation; 6. Attack on Socialist Principles of Planning; 7. Retreat from the Social Goals of Planning: SEVEN Domestic Constraints and Foreign Pressures; 8. Crisis of National Economic Planning; 9. Crisis of Political Stability; 10. The Congress Split and the Radicalization of Indian Politics; 11. eprise: Class Accommodation or Class Struggle?; 12. Impasse; 13. Emergency and Beyond; 14.Toward Two Economies: Macroeconomic Reforms without Redistributive Change; 15.Political Fragmentation, Social Conflict and Challenges to India's Democracy; 16. The Challenge of Hindu Nationalism to India's Constitutional Democracy.
650 _aPolitical economy
650 _aEconomic planning
650 _aIndustrialization -- agrarian reforms.
942 _2ddc
_cBK
999 _c38336
_d38336